000 00774cam a22002651 4500
001 7701
003 BD-RjUL
005 20211208234448.0
008 14 t1957 nyu 000 0 eng
035 _a(BD-RjUL)7745
035 _a(OCoLC)372728
040 _aDLC
_cODaWU
_dOCoLC
_dDLC
_dBD-RjUL
_beng
041 _aeng
082 0 4 _216
_a100
_bPEE 1957
100 1 _aPeirce, Charles S.
_q(Charles Sanders),
_d1839-1914.
_924020
245 1 0 _aEssays in the philosophy of science /
_cCharles s. peirce.
260 _aNew York :
_bLiberal Arts Press,
_cc1957
300 _a271 p. ;
_c20 cm
490 0 _aThe American heritage series,
504 _aIncludes bibliography.
650 0 _aPhilosophy.
_924022
942 _2ddc
_cBK
999 _c7701
_d7701